GENERASI MILENIUM MALAYSIA : (Record no. 183169)
[ view plain ]
| 000 -LEADER | |
|---|---|
| fixed length control field | 01374pam a2200409 i 4500 |
| 001 - CONTROL NUMBER | |
| control field | vtls000865885 |
| 003 - CONTROL NUMBER IDENTIFIER | |
| control field | PNM |
| 005 - DATE AND TIME OF LATEST TRANSACTION | |
| control field | 20210411124820.0 |
| 008 - FIXED-LENGTH DATA ELEMENTS--GENERAL INFORMATION | |
| fixed length control field | 181115s2019 my e a001 0 may |
| 015 ## - NATIONAL BIBLIOGRAPHY NUMBER | |
| National bibliography number | M191-02484 |
| 020 ## - INTERNATIONAL STANDARD BOOK NUMBER | |
| International Standard Book Number | 9789674127152 |
| Qualifying information | paperback |
| Terms of availability | RM40.00 |
| 039 #9 - LEVEL OF BIBLIOGRAPHIC CONTROL AND CODING DETAIL [OBSOLETE] | |
| Level of rules in bibliographic description | 202002231014 |
| Level of effort used to assign nonsubject heading access points | AUTHORITY |
| Level of effort used to assign subject headings | 201912230913 |
| Level of effort used to assign classification | rosliza |
| Level of effort used to assign subject headings | 201909230819 |
| Level of effort used to assign classification | fatin_e |
| Level of effort used to assign subject headings | 201907041629 |
| Level of effort used to assign classification | adayu |
| 040 ## - CATALOGING SOURCE | |
| Original cataloging agency | BNM |
| Language of cataloging | eng |
| Transcribing agency | BNM |
| Description conventions | rda |
| Modifying agency | PPAK |
| 049 ## - LOCAL HOLDINGS (OCLC) | |
| Holding library | mal |
| 082 04 - DEWEY DECIMAL CLASSIFICATION NUMBER | |
| Classification number | 305.23509595 |
| Edition number | 23 |
| 090 00 - LOCALLY ASSIGNED LC-TYPE CALL NUMBER (OCLC); LOCAL CALL NUMBER (RLIN) | |
| Classification number (OCLC) (R) ; Classification number, CALL (RLIN) (NR) | 305.23509595 |
| Feature heading | GEN |
| Feature heading | G |
| 245 00 - TITLE STATEMENT | |
| Title | GENERASI MILENIUM MALAYSIA : |
| Remainder of title | MENANGANI PERUBAHAN DAN KETIDAKSAMAAN / |
| Statement of responsibility, etc. | disunting oleh: SAMSUDIN A. RAHIM, CHONG SHEAU TSUEY |
| 264 #1 - PRODUCTION, PUBLICATION, DISTRIBUTION, MANUFACTURE, AND COPYRIGHT NOTICE | |
| Place of production, publication, distribution, manufacture | Bangi, Selangor : |
| Name of producer, publisher, distributor, manufacturer | Penerbit Universiti Kebangsaan Malaysia, |
| Date of production, publication, distribution, manufacture, or copyright notice | 2019 |
| Date of production, publication, distribution, manufacture, or copyright notice | ©2019 |
| 300 ## - PHYSICAL DESCRIPTION | |
| Extent | 244 pages ; |
| Dimensions | 23 cm |
| 336 ## - CONTENT TYPE | |
| Content type term | text |
| Source | rdacontent |
| 337 ## - MEDIA TYPE | |
| Media type term | unmediated |
| Source | rdamedia |
| 338 ## - CARRIER TYPE | |
| Carrier type term | volume |
| Source | rdacarrier |
| 500 ## - GENERAL NOTE | |
| General note | Includes index. |
| 504 ## - BIBLIOGRAPHY, ETC. NOTE | |
| Bibliography, etc. note | Bibliography : pages [225]-238. |
| 650 10 - SUBJECT ADDED ENTRY--TOPICAL TERM | |
| Topical term or geographic name entry element | Youth |
| Geographic subdivision | Malaysia |
| Topical term or geographic name entry element | Youth development |
| Geographic subdivision | Malaysia |
| Topical term or geographic name entry element | Government publications |
| Geographic subdivision | Malaysia |
| 651 #0 - SUBJECT ADDED ENTRY--GEOGRAPHIC NAME | |
| Geographic name | Malaysia |
| General subdivision | Social conditions |
| Geographic name | Malaysia |
| General subdivision | Politics and government |
| 700 0# - ADDED ENTRY--PERSONAL NAME | |
| Personal name | Samsudin A. Rahim, |
| Relator term | editor. |
| Personal name | Chong, Sheau Tsuey, |
| Relator term | editor. |
| 942 ## - ADDED ENTRY ELEMENTS (KOHA) | |
| Source of classification or shelving scheme | Dewey Decimal Classification |
| Koha item type | Book |
| 949 ## - LOCAL PROCESSING INFORMATION (OCLC) | |
| 6 | 2000691352 |
| 6 | 2000691351 |
| 6 | 2000691350 |
| Withdrawn | Not for loan | Current library | Shelving location | Date acquired | Total Checkouts | Total Renewals | Full call number | Barcode | Date last seen | Date last checked out | Koha item type |
|---|---|---|---|---|---|---|---|---|---|---|---|
| Perpustakaan Alor Setar | Pinjaman Dewasa | 26/04/2021 | 1 | 1 | 305.23509595 GEN | A01688867 | 23/05/2023 | 06/04/2023 | Book | ||
| Perpustakaan Awam Sungai Petani | Pinjaman Dewasa | 26/04/2021 | 305.23509595 GEN | A01688868 | 26/04/2021 | Book | |||||
| Perpustakaan Langkawi | Pinjaman Dewasa | 26/04/2021 | 305.23509595 GEN | A01688869 | 26/04/2021 | Book |